MARC

LEADER 00000nam0a2200000 4500
001 358923
005 20231102011137.0
035 |a (RuTPU)RU\TPU\retro\16195 
090 |a 358923 
100 |a 20200901d1977 km y0rusy50 ca 
101 0 |a rus 
102 |a RU 
105 |a a z 001zy 
200 1 |a Конкреции и конкреционный анализ  |e [сборник]  |f Академия наук СССР, Геологический институт ; Междуведомственный литологический комитет ; отв. ред. П. В. Зарицкий 
210 |a Москва  |c Наука  |d 1977 
215 |a 248 с.  |c ил. 
320 |a Библиография в конце статей 
606 1 |a Конкреции  |x (петрография)  |2 stltpush  |3 (RuTPU)RU\TPU\subj\15371  |9 41619 
610 1 |a конкреционный анализ 
610 1 |a конкрециеобразование 
610 1 |a стадийность 
610 1 |a угленосные формации 
610 1 |a Украина 
610 1 |a осадочные породы 
610 1 |a рудные конкреции 
610 1 |a четвертичные отложения 
610 1 |a методики 
610 1 |a применение 
675 |a 552.124  |v 4 
702 1 |a Зарицкий  |b П. В.  |4 340 
712 0 2 |a Академия наук СССР  |b Геологический институт  |c (Москва)  |2 stltpush  |3 (RuTPU)RU\TPU\col\11354  |9 25059 
712 0 2 |a Междуведомственный литологический комитет  |2 stltpush  |3 (RuTPU)RU\TPU\col\11308  |9 25031 
801 1 |a RU  |b 63413507  |c 20200901 
801 2 |a RU  |b 63413507  |c 20210217  |g RCR 
942 |c BK